00283nam a2200121Ia 4500008004100000041000900041082001800050100001800068245002800086260003100114300000800145650000800153230718s9999 xx 000 0 und d aEng. a347.91bAND-T aAndrews, Neil 4aThe Three Paths of Jusi aPakistanbCamberiagec2012 a296 aLaw